| 000 | 00502nam a22001577a 4500 | ||
|---|---|---|---|
| 003 | OSt | ||
| 005 | 20151104161438.0 | ||
| 008 | 151104b xxu||||| |||| 00| 0 eng d | ||
| 040 | _cRUA | ||
| 082 | _aFOR ហេង 1994 B119 Or.1 | ||
| 100 |
_93374 _aហេង គ្រឹស្នា |
||
| 245 | _aវិភាគទានលើការសិក្សាពីឈើនាងនួន(Dalbergia bariensis); | ||
| 260 |
_aPhnom Penh _bRUA _c1994 |
||
| 300 |
_a74p. _bill. _c29cm. |
||
| 942 |
_2ddc _cFOR |
||
| 999 |
_c3146 _d3146 |
||